| 000 -LEADER | |
|---|---|
| fixed length control field | 00494cam a2200169 a 4500 |
| 020 ## - INTERNATIONAL STANDARD BOOK NUMBER | |
| ISBN | 9780273730460 (pbk.) |
| 050 00 - LIBRARY OF CONGRESS CALL NUMBER | |
| Classification number | TS155sla |
| 100 1# - MAIN ENTRY--AUTHOR NAME | |
| Personal name | SLACK, Nigel; |
| 245 10 - TITLE STATEMENT | |
| Title | Operations management |
| 250 ## - EDITION STATEMENT | |
| Edition statement | 6th ed. |
| 260 ## - PUBLICATION, DISTRIBUTION, ETC. (IMPRINT) | |
| Place of publication | Harlow, England ; |
| -- | New York : |
| Name of publisher | Financial Times Prentice Hall, |
| Year of publication | 2010. |
| 300 ## - PHYSICAL DESCRIPTION | |
| Number of Pages | xxv, 686 p. : |
| Other physical details | col. ill. ;bibliograhical references and index |
| 650 #0 - SUBJECT ADDED ENTRY--TOPICAL TERM | |
| Topical Term | Production management. |
| 700 1# - ADDED ENTRY--PERSONAL NAME | |
| Personal name | CHAMBERS, Stuart. |
| Personal name | JOHNSTON, Robert, |
| 942 ## - ADDED ENTRY ELEMENTS (KOHA) | |
| Koha item type | Books |
| Koha item type | Collection code | Shelving location | Accession Number | Permanent Location | Current Location | Date acquired | Full call number |
|---|---|---|---|---|---|---|---|
| Books | Lending | Lending | 0248 | Chapman Library | Chapman Library | 2016-01-15 | TS155SLA |
| Books | Lending | Lending | 0249 | Chapman Library | Chapman Library | 2016-01-15 | TS155SLA |
| Books | Lending | Lending | 0250 | Chapman Library | Chapman Library | 2016-01-15 | TS155SLA |
| Books | Reference | 0882 | Chapman Library | Chapman Library | 2017-02-07 | TS 155 sla |

